000 00410nam a2200145Ia 4500
008 100204s9999 xx 000 0 und d
082 _b6334
100 _aकदम बा.
245 _aराजधानी
260 _b"उदयदीप प्रकाशन , मुंबई"
_c1978 2
300 _a294
630 _aराजधानी
730 _aराजधानी
942 _cBOOK
999 _c450797
_d450794